| 000 | 00527cam a2200181ua 4500 | ||
|---|---|---|---|
| 001 | 705 | ||
| 008 | 110412n ii |||gr||||Z||||||eng | ||
| 040 | _cMAIN | ||
| 082 | _a342.02 | ||
| 245 |
_aSelect constitutions. : _bU K, U S A, France, Canada, Switerland, U S S R, Japan, China, and India. / _cBy Anup Chand Kapur. |
||
| 250 | _a12th. | ||
| 260 |
_aNew Delhi.: _bS-chand.,988. |
||
| 300 |
_a400 p.: _c22 cm. |
||
| 653 | _aPolitical science. | ||
| 653 | _aSelect constitution. | ||
| 700 | _aKapur, Anup Chand., | ||
| 942 | _cBK | ||
| 999 |
_c632 _d632 |
||